Normal view
MARC view
- RADIO ENGINEERING
Entry Topical Term
001 - CONTROL NUMBER
- control field: 64294
003 - CONTROL NUMBER IDENTIFIER
- control field: NUST
005 - DATE AND TIME OF LATEST TRANSACTION
- control field: 20210628203242.0
008 - FIXED-LENGTH DATA ELEMENTS
- fixed length control field: 210628|| aca||aabn | a|a d
040 ## - CATALOGING SOURCE
- Original cataloging agency: NUST
- Transcribing agency: NUST
150 ## - HEADING--TOPICAL TERM
- Topical term or geographic name entry element: RADIO ENGINEERING
670 ## - SOURCE DATA FOUND
- Source citation: Work cat.: (NUST): Reed, Jeffrey H 64293, Software radio;a modern approach to radio engineering, 2002
